Oily water discharges / (Record no. 3761)

000 -LEADER
fixed length control field 00446nam a22001457a 4500
008 - FIXED-LENGTH DATA ELEMENTS--GENERAL INFORMATION
fixed length control field 200629b ||||| |||| 00| 0 eng d
082 00 - DEWEY DECIMAL CLASSIFICATION NUMBER
Classification number 628.1683
Item number J721
100 ## - MAIN ENTRY--PERSONAL NAME
9 (RLIN) 3086
Personal name Johnston, C. S.
245 10 - TITLE STATEMENT
Title Oily water discharges /
260 ## - PUBLICATION, DISTRIBUTION, ETC. (IMPRINT)
Place of publication, distribution, etc London
Name of publisher, distributor, etc Applied Science Publishers
Date of publication, distribution, etc 1980
300 ## - PHYSICAL DESCRIPTION
Extent xv, 225 p.
650 #0 - SUBJECT ADDED ENTRY--TOPICAL TERM
Topical term or geographic name as entry element Oil pollution of the sea
700 ## - ADDED ENTRY--PERSONAL NAME
9 (RLIN) 3087
Personal name Morris, R. J.
Relator term editor
942 ## - ADDED ENTRY ELEMENTS (KOHA)
Item type Books
Holdings
Withdrawn status Lost status Source of classification or shelving scheme Damaged status Not for loan Permanent location Current location Date acquired Full call number Barcode Date last seen Koha item type
          IMU Kolkata IMU Kolkata 2020-06-29 628.1683 J721 06760 2020-06-29 Books
Designed and Maintained by IMU-KC Library, Kolkata Campus © Copyright All Rights Reserved

webs counters

Powered by Koha